MDQL
is popping MORE tags! Check the
thread
!
Quizzes
Events
Quiz Creation
Community
Videos
Private Events
Remove Ads
Sign In
Join for FREE
Feedback
Dark Mode
Quiz Categories
Sports
Geography
Music
Movies
Television
Just For Fun
Miscellaneous
History
Literature
Language
Science
Gaming
Entertainment
Religion
Holiday
For Kids
Quiz Lab
Recent
Popular Today
Quiz Kudos Today
Editor Picks
Curator Picks
Quizzes by...
Day
Popularity
Type
Ratings
Length
Year
Community
Subscriptions
Recent Discussions
Orange Saloon
Badges
Playlists
Quests
Create
Leaderboards
Showdown
Live 5
Trivia Bingo
Activity
Puzzle Library
Sporcle Events
Private Events
Virtual Trivia
Globe League
Become a Host
Pub Owners
SporcleCon
Opinionation
Our Games
Videos
Blog
Mobile Apps
Partnerships
Remove Ads and Go Orange
Feedback
Gaming
Video Games
Board Games
Card Games
Pokémon
Mario
Nintendo
Minecraft
Console
Toys
Legend of Zelda
Gaming
Video Games
Board Games
Card Games
Pokémon
Mario
Nintendo
Minecraft
Console
Toys
Legend of Zelda
Random Quiz
Search Sporcle
×
Quiz Lab
Quiz Lab
Gaming
Pokémon
Select answers by clicking on text or image buttons
Select answers by clicking on text or image buttons
Clickable
Best Score? Go Orange.
Kanto Pokémon Family Species Stats
Can you name the species of each Kanto Pokémon families?
By
patrickshawkins
20m
183 Questions
92 Plays
92 Plays
92 Plays
Comments
Comments
Give Quiz Kudos
Give Quiz Kudos
-
- Ratings
hide this ad
Replay
Link that replays current quiz
Next Quiz
Link to next quiz in quiz playlist
You Got
0%
They Got
Avg Score
37%
Avg Friend Score
Upgrade to see
Score Distribution
Jump to the score distribution portion of the page
Score
0/183
Timer
20:00
0
Plays Today
% Correct
Dragonair
82.4%
Dragonite
82.4%
Dratini
79.4%
Ponyta
76.5%
Rapidash
76.5%
Mankey
73.5%
Primeape
73.5%
Arcanine
73.5%
Onix
73.5%
Steelix
73.5%
Eevee
73.5%
Beedrill
70.6%
Vulpix
70.6%
Golbat
70.6%
Squirtle
67.6%
Arbok
67.6%
Pikachu
67.6%
Ninetales
67.6%
Jigglypuff
67.6%
Wigglytuff
67.6%
Zubat
67.6%
Venomoth
67.6%
Doduo
67.6%
Dodrio
67.6%
Lickitung
67.6%
Lickilicky
67.6%
Ditto
67.6%
Aerodactyl
67.6%
Butterfree
64.7%
Pidgey
64.7%
Pichu
64.7%
Nidoran ♀
64.7%
Nidorina
64.7%
Nidoran ♂
64.7%
Nidorino
64.7%
Igglybuff
64.7%
Crobat
64.7%
Diglett
64.7%
Dugtrio
64.7%
Growlithe
64.7%
Abra
64.7%
Alakazam
64.7%
Tentacool
64.7%
Tentacruel
64.7%
Drowzee
64.7%
Hypno
64.7%
Electrode
64.7%
Hitmonlee
64.7%
Hitmonchan
64.7%
Koffing
64.7%
Goldeen
64.7%
Seaking
64.7%
Tauros
64.7%
Articuno
64.7%
Mewtwo
64.7%
Kakuna
61.8%
Ekans
61.8%
Raichu
61.8%
Paras
61.8%
Parasect
61.8%
Meowth
61.8%
% Correct
Kadabra
61.8%
Magnemite
61.8%
Magneton
61.8%
Magnezone
61.8%
Seel
61.8%
Muk
61.8%
Voltorb
61.8%
Weezing
61.8%
Kangaskhan
61.8%
Kingdra
61.8%
Smoochum
61.8%
Porygon
61.8%
Porygon2
61.8%
Porygon-Z
61.8%
Metapod
58.8%
Spearow
58.8%
Oddish
58.8%
Persian
58.8%
Psyduck
58.8%
Golduck
58.8%
Poliwag
58.8%
Poliwhirl
58.8%
Dewgong
58.8%
Grimer
58.8%
Exeggcute
58.8%
Exeggutor
58.8%
Marowak
58.8%
Tangela
58.8%
Tangrowth
58.8%
Staryu
58.8%
Lapras
58.8%
Wartortle
55.9%
Rattata
55.9%
Raticate
55.9%
Poliwrath
55.9%
Politoed
55.9%
Geodude
55.9%
Graveler
55.9%
Farfetch'd
55.9%
Gastly
55.9%
Mime Jr.
55.9%
Scyther
55.9%
Electabuzz
55.9%
Pinsir
55.9%
Snorlax
55.9%
Machop
52.9%
Machoke
52.9%
Machamp
52.9%
Shellder
52.9%
Cloyster
52.9%
Hitmontop
52.9%
Seadra
52.9%
Elekid
52.9%
Flareon
52.9%
Umbreon
52.9%
Bulbasaur
50%
Ivysaur
50%
Venusaur
50%
Charmander
50%
Charizard
50%
Pidgeotto
50%
% Correct
Pidgeot
50%
Fearow
50%
Clefairy
50%
Clefable
50%
Bellossom
50%
Bellsprout
50%
Haunter
50%
Krabby
50%
Horsea
50%
Mr. Mime
50%
Magikarp
50%
Gyarados
50%
Jolteon
50%
Omanyte
50%
Omastar
50%
Moltres
50%
Mew
50%
Charmeleon
47.1%
Gloom
47.1%
Vileplume
47.1%
Weepinbell
47.1%
Victreebel
47.1%
Golem
47.1%
Kingler
47.1%
Cubone
47.1%
Rhydon
47.1%
Chansey
47.1%
Blissey
47.1%
Jynx
47.1%
Espeon
47.1%
Munchlax
47.1%
Weedle
44.1%
Sandshrew
44.1%
Sandslash
44.1%
Nidoqueen
44.1%
Nidoking
44.1%
Cleffa
44.1%
Gengar
44.1%
Rhyperior
44.1%
Scizor
44.1%
Electivire
44.1%
Glaceon
44.1%
Zapdos
44.1%
Blastoise
41.2%
Caterpie
41.2%
Slowpoke
41.2%
Tyrogue
41.2%
Rhyhorn
41.2%
Vaporeon
41.2%
Leafeon
41.2%
Kabuto
41.2%
Kabutops
41.2%
Venonat
38.2%
Slowbro
38.2%
Slowking
38.2%
Magby
38.2%
Magmar
38.2%
Sylveon
38.2%
Starmie
35.3%
Magmortar
35.3%
Happiny
32.4%
Quiz Playlist
Details
Report
Send in Message
Add To Playlist
Clickable:
Select answers by clicking on text or image buttons
Last Updated: May 24, 2018
Quiz Scoreboard
CHALLENGE
Sign Up to Join the Scoreboard
Show All
Scores
Hide
Comments
May contain spoilers
Recently Published
1-10 Letter E Words III
by El_Dandy
Language
2m
Street Fighter Characters
by Artimus82
Gaming
60s
College Basketball Coaching Resumes
by pancakes188
Sports
9m
More to Explore
Quiz From the Vault
Featured Blog Post
Where Did the Easter Bunny Come From?
hide this ad
You Might Also Like...
Tags
Pokémon Quiz
Evolved
Fully
height
smallest
Today's Top Quizzes in Gaming
Browse Gaming
hide this ad
Today's Top Quizzes in Pokémon
Browse Pokémon
Top Contributed Quizzes in Gaming
1
5-to-1: Consoles
2
7-to-1: Board Game Piece Blitz
3
5-to-1: Legend of Zelda
4
League of Legends Pro Players by Career/Team History
5
Destiny 2 exotic weapons by perk icons
6
Ultimate Genshin Impact Logic Puzzle (up to 4.3)
7
Quick Pick: Video Games Lost in Translation
8
Franchise by Action Figure
9
Who's on the WWE 2K24 Cover?
10
Genshin Impact Logic Puzzle Quiz
Explore More
Trending Topics
Marvel
Harry Potter
Disney
Kpop
Crossword
Anime
NBA
Puzzle
Song
WWE
NFL
Country
Soccer
The Office
Pokémon
hide this ad
More By:
patrickshawkins
Quiz
Plays
Rating
Category
Featured
Created
SPORCLE Pokémon
18,426
4.79
Gaming
Apr 23, 2017
Pokémon Dual Type Combinations
2,518
4.29
Gaming
Jul 18, 2016
List of Power Rangers
2,336
5.00
Television
Jan 19, 2017
Power Rangers Villains
1,374
Television
Mar 10, 2017
Pokémon Move Endings
1,110
3.00
Gaming
May 12, 2016
Go to Creator's Profile
Score Distribution
Quiz Creator Spotlight
patrickshawkins
Follow
Send a Message
Quizzes Created
-
Created Quiz Play Count
-
More By This Creator
Popular Quizzes Today
1
Find the US States - No Outlines Minefield
2
Find the Countries of Europe - No Outlines Minefield
3
The Countries of the World
4
Find the US States
5
Risky Map Clicking: Biggest States A-Z
6
US States
7
Popular People in 1961
8
Movies - When Are They Set?
More Gaming Quizzes
Pokémon by Cry I
Curator's Pick
Trending Quizzes
Risky Map Clicking: Least Populous States A-Z
1-10 Letter G Words
1-10 Letter F Words
Countries of the World: 200 Million BC
Risky Map Clicking: Next State Alphabetically
Recently Updated
Beyoncé Albums
pecheneg
Leaping Animals
pecheneg
Reality TV Shows (A-Z)
bhenderson79
Rickey Henderson's Hall of Fame Teammates
pecheneg
Champions League XIs: Arsenal
pecheneg
Quick Pick: Celebrities in WWE's Hall of Fame
aduchscher
A-Z Keypad Blitz II
pecheneg
Multiple Oscar Actors
pecheneg
Mystery Phrase Blitz: Oscar 'Best Actors'
pecheneg
F. Scott Fitzgerald Novels
LTH
Trending Topics
Kpop
Crossword
NBA
Anime
Disney
Marvel
Harry Potter
The Office
Country
WWE
Puzzle
Song
NFL
Soccer
Pokémon
Your Account Isn't Verified!
In order to create a playlist on Sporcle, you need to verify the email address you used during registration. Go to your
Sporcle Settings
to finish the process.
Report this User
Report this user for behavior that violates our
Community Guidelines
.
Details:
Send Report
Go to the Sporcle.com Mobile Site →
Comments